[Event "Macieja Memorial"]
[Site "Warsaw POL"]
[Date "2024.07.08"]
[Round "7.34"]
[White "Alvarado, Carlos"]
[Black "Wasiluk, Mateusz"]
[Result "1-0"]
[WhiteElo "2040"]
[BlackElo "1767"]
[EventDate "2024.07.08"]
[PlyCount "81"]

1.Nf3 Nf6 2.b3 g6 3.Bb2 Bg7 4.g3 d6 5.Bg2 O-O 6.c4 c5 7.O-O Nc6 8.Na3 e5 9.d3 
a6 10.Nc2 Be6 11.Ne3 Qc7 12.Ng5 Bd7 13.Ne4 Nxe4 14.Bxe4 Ne7 15.Bg2 Bc6 16.Nd5 
Bxd5 17.cxd5 b5 18.f4 f6 19.e4 b4 20.Bh3 f5 21.fxe5 dxe5 22.Qc2 Qb6 23.Qc4 Nc8 
24.Rac1 Bh6 25.Bxe5 Bxc1 26.Rxc1 Nd6 27.Qxc5 Qxc5+ 28.Rxc5 Rfd8 29.Bxd6 Rxd6 
30.e5 Rdd8 31.Bg2 Rac8 32.d4 Rxc5 33.dxc5 Kf7 34.Kf2 Ke7 35.Ke3 Kd7 36.Kd4 a5 
37.Bf1 Kc7 38.Bb5 Rb8 39.d6+ Kd8 40.Ba4 g5 41.e6 1-0

[Event "Macieja Memorial"]
[Site "Warsaw POL"]
[Date "2024.07.08"]
[Round "7.35"]
[White "Pires, Emanuel Joao Robarts"]
[Black "Lewczuk, Jakub"]
[Result "1-0"]
[WhiteElo "2032"]
[BlackElo "1674"]
[EventDate "2024.07.08"]
[PlyCount "65"]

1.e4 c6 2.Bc4 d5 3.Bb3 e6 4.e5 c5 5.c3 Nc6 6.d4 Be7 7.Nf3 a5 8.O-O Qc7 9.a3 Bd8 
10.Re1 Nge7 11.Bc2 Ng6 12.g3 O-O 13.h4 b5 14.h5 Nge7 15.Nbd2 Qb6 16.Nf1 cxd4 
17.cxd4 b4 18.Be3 Bd7 19.Nh4 Nc8 20.Qg4 Bxh4 21.Qxh4 N8a7 22.h6 f5 23.exf6 g6 
24.Qg4 Rxf6 25.Rad1 bxa3 26.bxa3 Qc7 27.Rc1 e5 28.Qg5 Qd6 29.dxe5 Nxe5 30.Nh2 
d4 31.Bxd4 Qxd4 32.Qxf6 Rf8 33.Qg7# 1-0

[Event "Macieja Memorial"]
[Site "Warsaw POL"]
[Date "2024.07.08"]
[Round "7.36"]
[White "Galczynski, Maksymilian"]
[Black "Maack, Kjartan"]
[Result "1/2-1/2"]
[WhiteElo "1790"]
[BlackElo "2030"]
[EventDate "2024.07.08"]
[PlyCount "79"]

1.e4 e6 2.Nf3 d5 3.e5 c5 4.b4 d4 5.bxc5 Bxc5 6.c3 Nc6 7.Bb5 Bd7 8.O-O Nge7 
9.Na3 a6 10.Bxc6 Nxc6 11.Nc4 Qe7 12.cxd4 Nxd4 13.Nxd4 Bxd4 14.Nd6+ Kf8 15.Ba3 
Kg8 16.Rb1 b5 17.Nxb5 Qh4 18.Nxd4 Qxd4 19.Bd6 Bb5 20.Qf3 Rd8 21.Rfc1 h6 22.Rc7 
Rd7 23.Rbc1 Kh7 24.h3 Rhd8 25.Qc3 Qxc3 26.R1xc3 Kg6 27.f4 Kf5 28.Rxd7 Rxd7 
29.Rf3 Ke4 30.Kf2 Rb7 31.Rc3 g6 32.g3 h5 33.a4 Bd3 34.Bc5 Rb2 35.Be3 Rb7 36.Rc6 
Kd5 37.Rb6 Rxb6 38.Bxb6 Bc2 39.a5 Ke4 40.Ke2 1/2-1/2

[Event "Macieja Memorial"]
[Site "Warsaw POL"]
[Date "2024.07.08"]
[Round "7.37"]
[White "Sriram, Jha"]
[Black "Celinski, Kamil"]
[Result "1-0"]
[WhiteElo "2191"]
[BlackElo "1927"]
[EventDate "2024.07.08"]
[PlyCount "93"]

1.d4 Nf6 2.Nf3 c5 3.d5 b5 4.Bg5 d6 5.Bxf6 exf6 6.e4 b4 7.a3 Qb6 8.Nbd2 g6 9.Nc4 
Qc7 10.axb4 cxb4 11.Qd4 Bg7 12.Nb6 axb6 13.Bb5+ Nd7 14.Bxd7+ Qxd7 15.Rxa8 Qb7 
16.Ra4 b3 17.cxb3 O-O 18.O-O f5 19.Qd3 fxe4 20.Qxe4 Bxb2 21.Rd1 Bf5 22.Qe2 Bg7 
23.Nd4 Bd7 24.Nc6 Re8 25.Qb5 Bxc6 26.Qxc6 Qe7 27.Ra8 Rxa8 28.Qxa8+ Bf8 29.g3 
Qe2 30.Rc1 Kg7 31.Qa1+ Kh6 32.Re1 Qf3 33.Qc1+ g5 34.Qd2 Bg7 35.Re3 Qf5 36.h4 
Qb1+ 37.Kg2 Bf6 38.Rf3 Kg7 39.hxg5 Be5 40.Qd3 Qc1 41.Qf5 Qc7 42.Qe4 Qe7 43.Rf5 
Qc7 44.Qf3 Qd7 45.g4 Bd4 46.Qe4 Bc5 47.Rf6 1-0

[Event "Macieja Memorial"]
[Site "Warsaw POL"]
[Date "2024.07.08"]
[Round "7.38"]
[White "Zalega, Maciej"]
[Black "Smal, Tobiasz"]
[Result "1-0"]
[WhiteElo "1922"]
[BlackElo "2104"]
[EventDate "2024.07.08"]
[PlyCount "47"]

1.e4 g6 2.d4 Bg7 3.Nc3 d6 4.Nf3 Nf6 5.Bc4 O-O 6.O-O Nc6 7.h3 e5 8.dxe5 dxe5 
9.Bg5 h6 10.Qxd8 Rxd8 11.Bxf6 Bxf6 12.Nd5 Kg7 13.Nxc7 Rb8 14.Rad1 Nd4 15.Nxd4 
exd4 16.f4 g5 17.e5 Be7 18.fxg5 Bxg5 19.Rxf7+ Kg6 20.Rdf1 b5 21.Bd3+ Kh5 22.e6 
Rb6 23.e7 Bxe7 24.Rxe7 1-0

[Event "Macieja Memorial"]
[Site "Warsaw POL"]
[Date "2024.07.08"]
[Round "7.39"]
[White "Janeczko, Jakub"]
[Black "Jaszczuk, Piotr"]
[Result "1-0"]
[WhiteElo "2084"]
[BlackElo "1915"]
[EventDate "2024.07.08"]
[PlyCount "65"]

1.e4 c5 2.d3 Nc6 3.g3 Nf6 4.Bg2 d5 5.exd5 Nxd5 6.Nf3 e6 7.O-O Bd6 8.Nbd2 O-O 
9.c3 b5 10.Ne4 Rb8 11.Nxd6 Qxd6 12.Re1 f6 13.Nd2 f5 14.Nf3 e5 15.Qb3 Be6 16.Ng5 
Na5 17.Qa3 Nc6 18.Nxe6 Qxe6 19.Qxc5 Rfd8 20.Bg5 Rd7 21.Rad1 h6 22.Bc1 Rc8 
23.Qxb5 Nce7 24.c4 Nf6 25.Rxe5 Qb6 26.Qxb6 axb6 27.b3 Kf7 28.a4 Kg6 29.Re6 Kf7 
30.Rxb6 Ne4 31.Re1 Rxd3 32.Ba3 Rxb3 33.Rxb3 1-0

[Event "Macieja Memorial"]
[Site "Warsaw POL"]
[Date "2024.07.08"]
[Round "7.40"]
[White "Binkowska, Agata"]
[Black "Fiszer, Bartosz"]
[Result "0-1"]
[WhiteElo "1912"]
[BlackElo "2080"]
[EventDate "2024.07.08"]
[PlyCount "78"]

1.e4 c5 2.Nf3 d6 3.d4 cxd4 4.Nxd4 Nf6 5.Nc3 Nc6 6.Bg5 e6 7.Qd2 a6 8.f4 Bd7 
9.O-O-O b5 10.Nxc6 Bxc6 11.e5 dxe5 12.Qe1 Qc7 13.fxe5 Nd7 14.Bf4 Be7 15.Qg3 g5 
16.Be3 Qxe5 17.Qf2 Bc5 18.Bxc5 Qxc5 19.Qg3 b4 20.Nb1 Rc8 21.Bd3 Ne5 22.Nd2 
Nxd3+ 23.Qxd3 Bb5 24.Qe4 Qf5 25.Qxf5 exf5 26.Rhe1+ Kf8 27.Nf3 f6 28.Nd4 Bd7 
29.Nf3 Rc7 30.Rd6 Kf7 31.Rxa6 Rhc8 32.Nd4 Rc4 33.Rd1 Kg6 34.b3 R4c5 35.Rd2 f4 
36.Nf3 Bf5 37.Nd4 Be4 38.Kb2 Rd5 39.Nf3 Bxf3 0-1

[Event "Macieja Memorial"]
[Site "Warsaw POL"]
[Date "2024.07.08"]
[Round "7.41"]
[White "Szarwacki, Dominik"]
[Black "Lewandrowski, Tomasz"]
[Result "1-0"]
[WhiteElo "1897"]
[BlackElo "2000"]
[EventDate "2024.07.08"]
[PlyCount "81"]

1.e4 c5 2.b4 cxb4 3.d4 d5 4.exd5 Qxd5 5.c4 bxc3 6.Nxc3 Qa5 7.Bd2 Qd8 8.Rc1 a6 
9.Nf3 Nf6 10.d5 g6 11.Qa4+ Bd7 12.Qb3 b5 13.Ne5 Bg7 14.Be2 O-O 15.O-O Bf5 
16.Bf3 Ra7 17.Be3 Rd7 18.Rfd1 h5 19.Nxd7 Nfxd7 20.Ne2 Ne5 21.Nd4 Nxf3+ 22.Nxf3 
Bg4 23.Bd4 Bh6 24.Rc3 Nd7 25.Rcd3 Bf5 26.Rc3 Nf6 27.Bxf6 exf6 28.d6 Be6 29.Qc2 
Bg7 30.Qe2 f5 31.Rdc1 Bxc3 32.Rxc3 Qxd6 33.h4 Rd8 34.Qe3 Qd1+ 35.Kh2 Bd5 36.Ng5 
Qf1 37.Qg3 Bb7 38.Re3 Rd1 39.Re8+ Kg7 40.Qc3+ f6 41.Qc7+ 1-0

[Event "Macieja Memorial"]
[Site "Warsaw POL"]
[Date "2024.07.08"]
[Round "7.42"]
[White "Wiech, Grzegorz"]
[Black "Nowakowski, Maksymilian"]
[Result "1-0"]
[WhiteElo "1997"]
[BlackElo "1791"]
[EventDate "2024.07.08"]
[PlyCount "95"]

1.e4 e6 2.d4 d5 3.Nc3 Nf6 4.Bg5 Bb4 5.exd5 exd5 6.Bd3 O-O 7.Ne2 Bg4 8.O-O c6 
9.h3 Bh5 10.Qd2 Bd6 11.Nf4 Bg6 12.Nxg6 fxg6 13.Ne2 Nbd7 14.Rae1 Qb6 15.c3 Rae8 
16.Nf4 Bxf4 17.Bxf4 Qd8 18.Bd6 Rxe1 19.Rxe1 Re8 20.Be5 Nxe5 21.dxe5 Nd7 22.f4 
Nc5 23.Bc2 Qd7 24.b4 Ne6 25.f5 gxf5 26.Bxf5 Qe7 27.Qd3 g6 28.Bxe6+ Qxe6 29.Qd4 
a6 30.a4 Rf8 31.Rf1 Rxf1+ 32.Kxf1 Qf5+ 33.Kg1 Kf7 34.Qa7 Qd7 35.Qb8 Ke6 36.Qh8 
Qe7 37.Kf2 Qf7+ 38.Ke2 Qe7 39.Kd3 Qf7 40.Ke3 Qe7 41.Kd4 Qf7 42.Qc8+ Qd7 
43.Qxd7+ Kxd7 44.Kc5 Kc7 45.a5 Kd7 46.Kb6 Ke6 47.Kxb7 Kxe5 48.Kxc6 1-0

[Event "Macieja Memorial"]
[Site "Warsaw POL"]
[Date "2024.07.08"]
[Round "7.43"]
[White "Leszczewicz, Karol"]
[Black "Majek, Kacper"]
[Result "1-0"]
[WhiteElo "1851"]
[BlackElo "1996"]
[EventDate "2024.07.08"]
[PlyCount "81"]

1.d4 d5 2.Nf3 c5 3.c3 Nf6 4.Bg5 Nc6 5.e3 Bf5 6.Bd3 Bxd3 7.Qxd3 e6 8.Nbd2 h6 
9.Bh4 c4 10.Qc2 Rb8 11.O-O b5 12.e4 Be7 13.e5 Nd7 14.Bxe7 Qxe7 15.a3 a5 16.Ne1 
h5 17.f4 g6 18.Nef3 Kd8 19.b4 cxb3 20.Qxb3 a4 21.Qc2 Kc7 22.Rfb1 Rb7 23.Ne1 h4 
24.h3 Na5 25.Nd3 Ra8 26.Nb4 Raa7 27.Qd3 Nc4 28.Nxc4 bxc4 29.Qd1 Nb8 30.Nc2 Nc6 
31.Nb4 Ra5 32.Nxc6 Kxc6 33.Rxb7 Qxb7 34.Rb1 Qa7 35.Rb4 Kd7 36.Qb1 Kc8 37.Rb6 
Qc7 38.Qb4 Ra7 39.Qb5 Kd8 40.Rb8+ Ke7 41.Re8# 1-0

[Event "Macieja Memorial"]
[Site "Warsaw POL"]
[Date "2024.07.08"]
[Round "7.44"]
[White "Klim, Filip"]
[Black "Stefaniuk, Zbigniew"]
[Result "1-0"]
[WhiteElo "1993"]
[BlackElo "1803"]
[EventDate "2024.07.08"]
[PlyCount "53"]

1.e4 d5 2.exd5 Nf6 3.d4 Nxd5 4.Nf3 g6 5.c4 Nb6 6.Nc3 Bg7 7.Be3 O-O 8.Be2 Nc6 
9.O-O Bg4 10.d5 Na5 11.c5 Nbc4 12.Bd4 Bxf3 13.Bxf3 Nxb2 14.Qd2 Nac4 15.Qf4 e5 
16.dxe6 Qxd4 17.exf7+ Kh8 18.Ne4 Nd3 19.Qh4 Nde5 20.Rad1 Nxf3+ 21.gxf3 Qe5 
22.Ng5 h6 23.f4 Qf5 24.Rfe1 Rad8 25.Rxd8 Rxd8 26.Re8+ Bf8 27.Qxh6# 1-0

[Event "Macieja Memorial"]
[Site "Warsaw POL"]
[Date "2024.07.08"]
[Round "7.45"]
[White "Lecki, Leonard"]
[Black "Kryston, Aleksander"]
[Result "0-1"]
[WhiteElo "1941"]
[BlackElo "1737"]
[EventDate "2024.07.08"]
[PlyCount "66"]

1.e4 c5 2.Nf3 d6 3.d4 cxd4 4.Nxd4 Nf6 5.Nc3 a6 6.g3 e5 7.Nde2 Be7 8.Bg2 Nbd7 
9.O-O O-O 10.h3 b5 11.g4 h6 12.a3 Bb7 13.Ng3 Nc5 14.Qe2 Qc7 15.Rd1 Ne6 16.Be3 
Rac8 17.Nf5 Nc5 18.Bxh6 gxh6 19.Qe3 Nh7 20.Qxh6 Ne6 21.Nd5 Bxd5 22.exd5 Bg5 
23.Qh5 Nf4 24.Qxh7+ Kxh7 25.Be4 Kh8 26.h4 Be7 27.g5 Rg8 28.Kh2 f6 29.Nh6 Rg7 
30.Nf5 fxg5 31.hxg5 Rxg5 32.Rh1 Qxc2 33.Bxc2 Rg2# 0-1

[Event "Macieja Memorial"]
[Site "Warsaw POL"]
[Date "2024.07.08"]
[Round "7.46"]
[White "Charvi, A"]
[Black "Lewandowski, Rafal"]
[Result "0-1"]
[WhiteElo "1826"]
[BlackElo "1940"]
[EventDate "2024.07.08"]
[PlyCount "118"]

1.e4 c5 2.Nf3 e6 3.d4 cxd4 4.Nxd4 a6 5.Bd3 g6 6.O-O Bg7 7.Be3 Ne7 8.Nc3 Nbc6 
9.Nxc6 bxc6 10.Qd2 d5 11.exd5 cxd5 12.Bh6 O-O 13.Bxg7 Kxg7 14.Na4 Qd6 15.Rad1 
Bd7 16.Nc3 Qe5 17.Rfe1 Qf6 18.Bf1 Bc6 19.Ne2 Qxb2 20.Nd4 Ba4 21.Rb1 Qa3 22.Qg5 
Nf5 23.Nxf5+ exf5 24.Qd2 Qc5 25.c3 Rfc8 26.Qf4 Bc6 27.Qe5+ f6 28.Qf4 Re8 
29.Rxe8 Rxe8 30.Qc7+ Re7 31.Qc8 Qxc3 32.Qxa6 d4 33.Bd3 Be4 34.Bxe4 fxe4 35.Qd6 
Qc7 36.Qxd4 Qe5 37.Qe3 f5 38.g3 g5 39.Qb3 f4 40.Qb2 Qxb2 41.Rxb2 f3 42.Rb1 Kf6 
43.Kf1 Ra7 44.Ra1 Ra3 45.Ke1 Kf5 46.h3 h5 47.Kd2 h4 48.g4+ Kf4 49.Kc2 e3 50.Kb2 
Ra5 51.fxe3+ Kxe3 52.Kc3 f2 53.a4 Ke2 54.Ra2+ Kf3 55.Ra1 Kg2 56.Kb4 Rxa4+ 
57.Kxa4 f1=Q 58.Rxf1 Kxf1 59.Kb4 Kg2 0-1

[Event "Macieja Memorial"]
[Site "Warsaw POL"]
[Date "2024.07.08"]
[Round "7.47"]
[White "Krzywda, Andrzej"]
[Black "Gozdzikowski, Franciszek"]
[Result "1-0"]
[WhiteElo "2123"]
[BlackElo "1726"]
[EventDate "2024.07.08"]
[PlyCount "79"]

1.e4 e5 2.Nf3 Nc6 3.Bb5 a6 4.Ba4 Nf6 5.O-O Be7 6.Re1 b5 7.Bb3 O-O 8.a4 Bb7 9.d3 
d6 10.h3 Na5 11.Ba2 c5 12.Nbd2 Re8 13.Nf1 h6 14.Ng3 Bf8 15.Nf5 Qc7 16.Bd2 b4 
17.Ne3 Rad8 18.Nc4 Nxc4 19.Bxc4 a5 20.c3 d5 21.Bb5 Bc6 22.Bxc6 Qxc6 23.Qc2 dxe4 
24.dxe4 c4 25.cxb4 axb4 26.Rac1 Rc8 27.a5 Qb5 28.Ra1 Bc5 29.Be3 Red8 30.a6 Bxe3 
31.Rxe3 Ra8 32.Qa4 Qb6 33.Nxe5 Qd6 34.Nxc4 Qd4 35.b3 Nxe4 36.Rae1 Nc3 37.Qc6 
Rac8 38.Qf3 Qd7 39.Qb7 Re8 40.Qxd7 1-0

[Event "Macieja Memorial"]
[Site "Warsaw POL"]
[Date "2024.07.08"]
[Round "7.48"]
[White "Mroczkowski, Adam"]
[Black "Zawadzka, Beata"]
[Result "1/2-1/2"]
[WhiteElo "1786"]
[BlackElo "2329"]
[EventDate "2024.07.08"]
[PlyCount "48"]

1.e4 c5 2.Nf3 d6 3.d4 cxd4 4.Nxd4 Nf6 5.Nc3 a6 6.Bc4 e6 7.Bb3 b5 8.O-O Be7 9.f4 
Bb7 10.e5 dxe5 11.fxe5 Bc5 12.Be3 Nc6 13.exf6 Bxd4 14.Bxd4 Qxd4+ 15.Qxd4 Nxd4 
16.fxg7 Rg8 17.Rad1 Nxb3 18.axb3 Ke7 19.Rd2 Rxg7 20.Rfd1 Bc6 21.g3 Rc8 22.Ne2 
Rc7 23.Nd4 Bb7 24.Re1 Kf8 1/2-1/2

[Event "Macieja Memorial"]
[Site "Warsaw POL"]
[Date "2024.07.08"]
[Round "7.49"]
[White "Czajkowski, Adam"]
[Black "Sprzeczka, Emilia"]
[Result "0-1"]
[WhiteElo "2084"]
[BlackElo "1782"]
[EventDate "2024.07.08"]
[PlyCount "62"]

1.e4 c5 2.Nf3 d6 3.d4 cxd4 4.Nxd4 Nf6 5.Nc3 g6 6.Be2 Bg7 7.O-O O-O 8.Bg5 Nc6 
9.Nb3 a6 10.Re1 b5 11.Bf1 b4 12.Nd5 Nxd5 13.exd5 Ne5 14.f4 Ng4 15.Bh4 Qb6+ 
16.Kh1 Bxb2 17.Rb1 Bf6 18.Bg3 h5 19.h3 h4 20.hxg4 hxg3 21.g5 Bc3 22.Qf3 Kg7 
23.Re3 Rh8+ 24.Kg1 a5 25.Qxg3 a4 26.Na1 Bd4 27.Re1 Bf5 28.Bd3 Bxd3 29.cxd3 Rac8 
30.Kf1 Bxe3 31.Rxe3 Rh1+ 0-1

[Event "Macieja Memorial"]
[Site "Warsaw POL"]
[Date "2024.07.08"]
[Round "7.50"]
[White "Szlod, Wiktor"]
[Black "Chmiel, Marcin"]
[Result "1-0"]
[WhiteElo "1783"]
[BlackElo "2038"]
[EventDate "2024.07.08"]
[PlyCount "60"]

1.e4 e5 2.Bc4 Nc6 3.d3 Nf6 4.f4 exf4 5.Bxf4 d5 6.exd5 Nxd5 7.Bg3 Bc5 8.Bxd5 
Qxd5 9.Qe2+ Be6 10.Nc3 Qd7 11.O-O-O O-O 12.Nf3 Rfe8 13.Ne5 Nxe5 14.Qxe5 Bd6 
15.Qg5 h6 16.Qh4 Be7 17.Qa4 c6 18.d4 b5 19.Qa6 Bb4 20.d5 cxd5 21.Qxb5 Bxc3 
22.Qxd7 Bxb2+ 23.Kxb2 Bxd7 24.Rxd5 Bc6 25.Rd2 Re4 26.Rhd1 Rb4+ 27.Ka3 Ra4+ 
28.Kb2 g5 29.Be5 Kh7 30.Rf1 Rb4+ 1-0

[Event "Macieja Memorial"]
[Site "Warsaw POL"]
[Date "2024.07.08"]
[Round "7.52"]
[White "Zbrzezny, Aleksander"]
[Black "Obukhava, Anastasiya"]
[Result "1-0"]
[WhiteElo "2016"]
[BlackElo "1770"]
[EventDate "2024.07.08"]
[PlyCount "89"]

1.d4 d5 2.c4 dxc4 3.Nc3 a6 4.e3 Nf6 5.Nf3 e6 6.Bxc4 c5 7.Qc2 Nc6 8.dxc5 Bxc5 
9.Bd2 b5 10.Nxb5 axb5 11.Bxb5 Qb6 12.a4 Ba6 13.Rc1 Bxb5 14.axb5 Nb4 15.Qc4 Nfd5 
16.O-O Be7 17.e4 O-O 18.exd5 Nxd5 19.Qc6 Rab8 20.Ne5 Nf6 21.Bg5 Rfc8 22.Qxb6 
Rxb6 23.Rxc8+ Bf8 24.Bxf6 gxf6 25.Nd7 Rxb5 26.Rxf8+ Kg7 27.Rd8 Rxb2 28.Nc5 Re2 
29.g3 e5 30.Rfd1 e4 31.Re8 f5 32.Kf1 Rc2 33.Nd7 Rc7 34.Ne5 Kf6 35.Nd7+ Kg7 
36.Nb6 Rc6 37.Nd5 Rc2 38.Ke1 Kg6 39.Rd2 Rc1+ 40.Ke2 Rc5 41.Re7 f6 42.Nf4+ Kg5 
43.Rxh7 e3 44.Rh5+ Kg4 45.h3# 1-0

[Event "Macieja Memorial"]
[Site "Warsaw POL"]
[Date "2024.07.08"]
[Round "7.53"]
[White "Goslawski, Michal"]
[Black "Wiatrowski, Blazej"]
[Result "1-0"]
[WhiteElo "1987"]
[BlackElo "1750"]
[EventDate "2024.07.08"]
[PlyCount "81"]

1.Nf3 Nf6 2.c4 g6 3.g3 Bg7 4.Bg2 d6 5.d4 Nbd7 6.Nc3 e5 7.e4 O-O 8.O-O c6 9.h3 
Ne8 10.Bg5 f6 11.Be3 f5 12.exf5 gxf5 13.dxe5 dxe5 14.Qd2 Rf7 15.Rad1 Qc7 
16.Rfe1 f4 17.Bxf4 exf4 18.Rxe8+ Rf8 19.Re7 fxg3 20.Qg5 gxf2+ 21.Kh1 Rf7 
22.Rxf7 Kxf7 23.Rf1 Nf6 24.Rxf2 h6 25.Ne5+ Kg8 26.Qe3 Bd7 27.Nxd7 Qxd7 28.c5 
Re8 29.Qf3 Re1+ 30.Rf1 Re5 31.Qf2 Nd5 32.Nxd5 cxd5 33.b4 d4 34.Qf3 d3 35.Qxb7 
Qxb7 36.Bxb7 d2 37.Kg2 Re1 38.Bf3 Rxf1 39.Kxf1 Bc3 40.b5 Bd4 41.c6 1-0

[Event "Macieja Memorial"]
[Site "Warsaw POL"]
[Date "2024.07.08"]
[Round "7.54"]
[White "Komisarski, Jerzy"]
[Black "Kazmierowski, Tymon"]
[Result "0-1"]
[WhiteElo "1770"]
[BlackElo "1982"]
[EventDate "2024.07.08"]
[PlyCount "112"]

1.d4 Nf6 2.Bg5 Ne4 3.h4 h6 4.Bf4 d5 5.Nd2 Bf5 6.e3 c6 7.Ngf3 e6 8.Nxe4 Bxe4 
9.Bd3 Bxd3 10.Qxd3 Nd7 11.Ne5 Be7 12.h5 Nxe5 13.Bxe5 Bf6 14.Bxf6 Qxf6 15.Qa3 
Qe7 16.Qxe7+ Kxe7 17.O-O-O Rhc8 18.Kb1 c5 19.c3 Rc6 20.Kc2 b5 21.a3 b4 22.axb4 
cxb4 23.Ra1 a5 24.Kd2 bxc3+ 25.bxc3 Rb6 26.Rhb1 Rxb1 27.Rxb1 Kf6 28.Kd3 Ra7 
29.c4 dxc4+ 30.Kxc4 Kg5 31.Rb5+ f5 32.e4 Kg4 33.exf5 exf5 34.d5 a4 35.Kc3 a3 
36.Rb1 Kxh5 37.Kb3 Rb7+ 38.Ka2 Rxb1 39.Kxb1 Kg6 40.Ka2 Kf6 41.Kxa3 Ke5 42.Kb3 
Kxd5 43.Kc3 Ke4 44.Kd2 Kf4 45.Ke2 Kg4 46.Ke3 g5 47.Ke2 h5 48.Ke3 h4 49.Ke2 Kf4 
50.Kd3 g4 51.Ke2 h3 52.gxh3 gxh3 53.Kf1 Kf3 54.Kg1 f4 55.Kh2 Kxf2 56.Kxh3 f3 0-1

[Event "Macieja Memorial"]
[Site "Warsaw POL"]
[Date "2024.07.08"]
[Round "7.55"]
[White "Smietanska, Wiktoria"]
[Black "Kuznik, Kamil"]
[Result "1-0"]
[WhiteElo "1975"]
[BlackElo "1717"]
[EventDate "2024.07.08"]
[PlyCount "25"]

1.c4 Nf6 2.Nc3 d5 3.cxd5 Nxd5 4.d4 g6 5.Nf3 Bg7 6.e3 O-O 7.Be2 c5 8.O-O Nc6 
9.Qb3 cxd4 10.Nxd5 Na5 11.Qb5 a6 12.Qc5 Be6 13.Nb6 1-0

[Event "Macieja Memorial"]
[Site "Warsaw POL"]
[Date "2024.07.08"]
[Round "7.56"]
[White "Zaninotto, Franco"]
[Black "Czech, Franciszek"]
[Result "1-0"]
[WhiteElo "1961"]
[BlackElo "1730"]
[EventDate "2024.07.08"]
[PlyCount "28"]

1.e4 c5 2.Nf3 e6 3.d4 cxd4 4.Nxd4 Nc6 5.Nc3 Qc7 6.g3 a6 7.Bg2 Nf6 8.O-O b5 9.e5 
Ng8 10.Bf4 Bb7 11.Nb3 Nge7 12.Nc5 Ng6 13.Nxb7 Qxb7 14.Ne4 Nxf4 1-0

[Event "Macieja Memorial"]
[Site "Warsaw POL"]
[Date "2024.07.08"]
[Round "8.1"]
[White "Fridman, Daniel"]
[Black "Klimkowski, Jan"]
[Result "0-1"]
[WhiteElo "2474"]
[BlackElo "2372"]
[EventDate "2024.07.08"]
[PlyCount "71"]

1.Nf3 Nf6 2.g3 e6 3.Bg2 d5 4.O-O Be7 5.c4 d4 6.e3 c5 7.exd4 cxd4 8.d3 Nc6 9.Bf4 
O-O 10.Ne5 Bd7 11.Nd2 Rc8 12.Nb3 Be8 13.Rc1 Nd7 14.Nxc6 bxc6 15.Re1 Qb6 16.Qc2 
c5 17.Bd2 Nb8 18.Na5 Nc6 19.Nxc6 Bxc6 20.b3 Bxg2 21.Kxg2 Bd6 22.Qd1 e5 23.Qf3 
Bb8 24.h4 f5 25.Qd5+ Kh8 26.f4 e4 27.dxe4 Rcd8 28.e5 Rxd5 29.cxd5 Qb7 30.Rxc5 
Rd8 31.e6 Bd6 32.Ra5 Bb4 33.Rxa7 Qxa7 34.Bxb4 Qb7 35.e7 Re8 36.a3 0-1

[Event "Macieja Memorial"]
[Site "Warsaw POL"]
[Date "2024.07.08"]
[Round "8.2"]
[White "Piorun, Kacper"]
[Black "Gdanski, Jacek"]
[Result "1-0"]
[WhiteElo "2528"]
[BlackElo "2315"]
[EventDate "2024.07.08"]
[PlyCount "81"]

1.d4 Nf6 2.Bg5 Ne4 3.h4 c5 4.d5 h6 5.Bc1 d6 6.Nd2 Nf6 7.e4 e6 8.Bb5+ Bd7 
9.Bxd7+ Qxd7 10.c4 b5 11.b3 Be7 12.Ngf3 O-O 13.O-O a6 14.Bb2 e5 15.Nh2 Nh7 
16.g3 f5 17.exf5 Qxf5 18.Qg4 Nd7 19.Qxf5 Rxf5 20.Ng4 h5 21.Ne3 Rf7 22.Ne4 g5 
23.cxb5 axb5 24.a4 bxa4 25.Nc4 gxh4 26.Ncxd6 Bxd6 27.Nxd6 Rg7 28.Nf5 Rg5 
29.Nxh4 Nhf6 30.Rxa4 Rb8 31.Re1 Rxb3 32.Bc1 Rg4 33.Ra8+ Kf7 34.Nf5 Rgb4 35.Bd2 
Rb8 36.Ra7 Kg6 37.Ne7+ Kf7 38.Nc6 R8b7 39.Nd8+ Ke7 40.Nxb7 Nxd5 41.Nxc5 1-0

[Event "Macieja Memorial"]
[Site "Warsaw POL"]
[Date "2024.07.08"]
[Round "8.3"]
[White "Kosakowski, Jakub"]
[Black "Seemann, Jakub"]
[Result "1-0"]
[WhiteElo "2494"]
[BlackElo "2358"]
[EventDate "2024.07.08"]
[PlyCount "99"]

1.e4 e5 2.Nf3 Nc6 3.Nc3 Nf6 4.h3 Bb4 5.Nd5 Nxd5 6.exd5 e4 7.dxc6 exf3 8.Qxf3 
dxc6 9.Bc4 O-O 10.O-O Bxd2 11.Bxd2 Qxd2 12.Rad1 Qg5 13.Rfe1 Qf5 14.Qb3 b5 
15.Bd3 Qf6 16.Be4 Bf5 17.Bxf5 Qxf5 18.Re7 Rad8 19.Rde1 Rd7 20.R7e5 Qf6 21.Qa3 
g6 22.Qxa7 Rfd8 23.Qc5 Kg7 24.b3 Rd5 25.Rxd5 Rxd5 26.Qe3 Qd6 27.Qc3+ f6 28.a4 
bxa4 29.bxa4 Rd1 30.Rxd1 Qxd1+ 31.Kh2 Qd6+ 32.g3 c5 33.a5 Qc6 34.Qc4 Kh6 35.a6 
Qb6 36.Qa4 c4 37.Kg1 Qa7 38.Qxc4 f5 39.Qc6 f4 40.gxf4 Qd4 41.Qb7 Qxf4 42.a7 
Qg5+ 43.Kh1 Qc1+ 44.Kg2 Qg5+ 45.Kf3 Qf5+ 46.Ke3 Qc5+ 47.Kd3 Qd6+ 48.Kc4 Qf4+ 
49.Kb3 Qf3+ 50.Qxf3 1-0

[Event "Macieja Memorial"]
[Site "Warsaw POL"]
[Date "2024.07.08"]
[Round "8.4"]
[White "Bogdanov, Egor"]
[Black "Markowski, Tomasz"]
[Result "1-0"]
[WhiteElo "2349"]
[BlackElo "2493"]
[EventDate "2024.07.08"]
[PlyCount "71"]

1.e4 c5 2.c3 Nf6 3.e5 Nd5 4.d4 cxd4 5.Nf3 e6 6.cxd4 d6 7.Bc4 Be7 8.O-O O-O 
9.Qe2 b6 10.Nc3 Nxc3 11.bxc3 Bb7 12.Re1 Nd7 13.Bd3 dxe5 14.Nxe5 Nxe5 15.Qxe5 
Bf6 16.Qg3 Rc8 17.Bf4 g6 18.Rac1 Qd7 19.h4 Bd5 20.h5 Bxa2 21.hxg6 hxg6 22.Bh6 
Rfe8 23.Re4 Bc4 24.Bb1 Qc7 25.Rf4 Bg7 26.Bg5 e5 27.Rh4 exd4 28.Bf4 Qe7 29.cxd4 
Bd5 30.Rd1 Qe2 31.Rf1 Bc4 32.Rc1 Ba6 33.Bxg6 Rxc1+ 34.Bxc1 fxg6 35.Qxg6 Bc4 
36.Qh7+ 1-0

[Event "Macieja Memorial"]
[Site "Warsaw POL"]
[Date "2024.07.08"]
[Round "8.5"]
[White "Sliwicki, Damian"]
[Black "Peng, Li Min"]
[Result "0-1"]
[WhiteElo "2058"]
[BlackElo "2425"]
[EventDate "2024.07.08"]
[PlyCount "60"]

1.e4 Nc6 2.d4 d5 3.e5 f6 4.Nf3 Bg4 5.Bf4 fxe5 6.dxe5 e6 7.h3 Bh5 8.Be2 Bc5 
9.Nc3 Bxf3 10.Bxf3 Nge7 11.Bh5+ g6 12.Bg4 Rf8 13.Bg3 h5 14.Bxe6 Nd4 15.Bxd5 
Nxd5 16.Ne4 Nf4 17.Bxf4 Rxf4 18.Nxc5 Qd5 19.Nd3 Qxg2 20.Nxf4 Qe4+ 21.Ne2 Qxh1+ 
22.Kd2 Nb3+ 23.Kc3 Qf3+ 24.Kb4 a5+ 25.Ka3 Nxa1+ 26.c3 Qf8+ 27.Ka4 Qc5 28.Nd4 
b5+ 29.Nxb5 Qc4+ 30.Ka3 Qxb5 0-1

[Event "Macieja Memorial"]
[Site "Warsaw POL"]
[Date "2024.07.08"]
[Round "8.6"]
[White "Mis, Mieszko"]
[Black "Kazakouski, Valery"]
[Result "0-1"]
[WhiteElo "2344"]
[BlackElo "2599"]
[EventDate "2024.07.08"]
[PlyCount "52"]

1.Nf3 d5 2.c4 d4 3.b4 f6 4.Bb2 e5 5.a3 c5 6.bxc5 Nc6 7.d3 Bxc5 8.g3 Nge7 9.Bg2 
O-O 10.O-O Bg4 11.Nfd2 Qd7 12.Re1 f5 13.Nb3 b6 14.N1d2 Rac8 15.a4 Bb4 16.Ba3 
Bxa3 17.Rxa3 Nb4 18.Qb1 a5 19.c5 bxc5 20.Nc4 Qe6 21.Ncxa5 Ned5 22.Nc4 e4 
23.dxe4 Nc3 24.Qb2 Qxc4 25.exf5 Nxe2+ 26.Kh1 Nd3 0-1

[Event "Macieja Memorial"]
[Site "Warsaw POL"]
[Date "2024.07.08"]
[Round "8.7"]
[White "Bartel, Michal"]
[Black "Socko, Bartosz"]
[Result "1-0"]
[WhiteElo "2250"]
[BlackElo "2552"]
[EventDate "2024.07.08"]
[PlyCount "104"]

1.e4 e6 2.d4 d5 3.Nc3 Bb4 4.exd5 exd5 5.Bd3 Nc6 6.Be3 Be6 7.Nf3 Qd7 8.O-O Nge7 
9.Ne2 Bf5 10.Ng3 Bxd3 11.Qxd3 O-O-O 12.c3 Bd6 13.Rfe1 Bxg3 14.hxg3 f6 15.Bd2 g5 
16.Re2 h5 17.Rae1 h4 18.Re6 hxg3 19.Rxf6 g4 20.Ne5 Nxe5 21.dxe5 gxf2+ 22.Kxf2 
Rdf8 23.Bf4 Nc6 24.e6 Qe7 25.Rxf8+ Rxf8 26.g3 Qc5+ 27.Kg2 Ne7 28.Rh1 Qc6 29.Re1 
b6 30.Qd4 Nf5 31.Qe5 d4+ 32.Kg1 dxc3 33.e7 Nxe7 34.Qxe7 Rh8 35.Qe4 Qxe4 36.Rxe4 
cxb2 37.Rb4 c5 38.Rxb2 Kb7 39.Re2 Kc6 40.Re7 a5 41.a4 Rd8 42.Rc7+ Kd5 43.Rg7 c4 
44.Rxg4 c3 45.Rg6 b5 46.axb5 a4 47.Rc6 Kd4 48.b6 a3 49.b7 a2 50.Ra6 c2 51.Rxa2 
Kd3 52.Ra8 Rd4 1-0

[Event "Macieja Memorial"]
[Site "Warsaw POL"]
[Date "2024.07.08"]
[Round "8.8"]
[White "Kokoszczynski, Jan"]
[Black "Pakleza, Zbigniew"]
[Result "0-1"]
[WhiteElo "2243"]
[BlackElo "2405"]
[EventDate "2024.07.08"]
[PlyCount "64"]

1.d4 d6 2.Nf3 Bg4 3.c4 c6 4.Nc3 Nf6 5.e4 Nbd7 6.Be2 e5 7.O-O Be7 8.Re1 O-O 
9.Be3 a6 10.a4 a5 11.d5 Qb8 12.Nd2 Bxe2 13.Qxe2 Bd8 14.h3 Bb6 15.Bxb6 Nxb6 
16.c5 dxc5 17.dxc6 bxc6 18.Rac1 Rd8 19.Nf3 Nfd7 20.Rc2 Nf8 21.Qe3 Ne6 22.Ne2 
Nxa4 23.Ng3 g6 24.Qh6 Qd6 25.Rec1 Qf8 26.Qe3 Rab8 27.Nxe5 Qd6 28.Nc4 Qd4 29.Qh6 
Nxb2 30.Nxa5 Qa4 31.Nc4 Nd3 32.Ne5 Nxe5 0-1